Statistics for Country Superlatives Quiz #1

Click here to take the quiz!

General Stats

  • This quiz has been taken 59,926 times
    (46,494 since last reset)
  • The average score is 11 of 20

Answer Stats

Category Country % Correct
Highest populationChina
99%
Most FIFA World CupsBrazil
94%
Biggest economy (GDP, nominal)United States
90%
Largest land areaRussia
90%
Most wild tigersIndia
83%
Most international touristsFrance
80%
Most Spanish speakersMexico
75%
Tallest buildingUnited Arab Emirates
73%
Highest military spending
(% of GDP)
North Korea
65%
Northernmost capital cityIceland
63%
Most islandsIndonesia
57%
Highest waterfallVenezuela
43%
Least densely populatedMongolia
43%
Tallest average height (people)Netherlands
31%
Most AIDS-related deaths (2014)Nigeria
27%
Lowest elevation on landIsrael / Jordan
24%
Most languages spokenPapua New Guinea
19%
Fewest international visitorsNauru
10%
Lowest fertility rateSingapore
5%
Most land minesEgypt
5%

Score Distribution

Percentile by Number Answered

Percent of People with Each Score

Your Score History

You have not taken this quiz since the last reset